00414nam a2200169Ia 4500003000400000005001700004008004100021020001900062040000700081041000800088082001300096100002100109245005200130260003800182300000900220650001500229OSt20260307094606.0250729s1993 xx 000 0 und d a978-0788158322 cAL aeng a000 CHAS aCharles j Givens aSuper self doubling your personal effectiveness aNewyorkbSimon and Schusterc1993 a327p aGeneraliya